Homology of cell complexes
Shranjeno v:
| Main Authors: | , |
|---|---|
| Format: | Knjiga |
| Jezik: | angleščina |
| Izdano: |
Princeton
Princeton University
1967
|
| Teme: | |
| Oznake: |
Označite
Brez oznak, prvi označite!
|
MARC
| LEADER | 00000nam a2200000 a 4500 | ||
|---|---|---|---|
| 001 | UCQ9600 | ||
| 003 | CL-VaPUC | ||
| 008 | 990112e19670000us |||||||||||||||||eng|d | ||
| 082 | 0 | 4 | |a 514.23 |b COO |2 21 |
| 100 | 0 | |a Cooke, George E |e author |9 424246 | |
| 700 | 0 | |a Finney, Ross L |e author |9 424247 | |
| 245 | 1 | 0 | |a Homology of cell complexes |
| 300 | |a 256 p | ||
| 942 | |c BK | ||
| 945 | |d 19990112 00:00:00 |a crobeson | ||
| 260 | |a Princeton |b Princeton University |c 1967 | ||
| 650 | 7 | |a TEORIA DE LA HOMOLOGIA |2 CL-VaPUC |9 422809 | |
| 650 | 0 | |a Topología algebraica |9 269858 | |
| 583 | |a last modification |c 20171205 05:06:33 |k Rodrigo Vera | ||
| 999 | |c 278592 |d 278590 | ||